000 00390nam a2200121Ia 4500
008 200902s9999 xx 000 0 und d
020 _a978-621-406-223-2
100 _aEscabillas, Aisha Janinne Q.
245 _cAisha Janinne Q. Escabillas.--
_aCruise tourism /
260 _aManila :
_bMindshapers Co., Inc.
_c2019
300 _avi , 120 pages :
_billustrations ;
_c26 cm.
650 _aTourism
999 _c363978
_d363978